[Event "SVK-chT1E 2223"]
[Site "Slovakia"]
[Date "2023.03.12"]
[Round "11.8"]
[White "Turis, Ondrej"]
[Black "Prielozny, Eduard"]
[Result "1-0"]
[WhiteElo "1620"]
[BlackElo "1918"]
[PlyCount "65"]
[EventDate "2022.10.15"]
[EventType "team-tourn"]
[EventRounds "11"]
[EventCountry "SVK"]
[SourceTitle "EXT 2024"]
[Source "ChessBase"]
[SourceDate "2023.10.10"]
[SourceVersion "1"]
[SourceVersionDate "2023.10.10"]
[SourceQuality "1"]
[WhiteTeam "Kosice Slavia TU"]
[BlackTeam "Zilina Mladost II"]
[WhiteTeamCountry "SVK"]
[BlackTeamCountry "SVK"]

1. d4 Nf6 2. c4 c6 3. Nc3 d5 4. Nf3 Bf5 5. e3 e6 6. Be2 Nbd7 7. Nh4 Bg6 8. 0-0 Bd6 9. f4 Ne4 10. Nxe4 Bxe4 11. Nf3 Nf6 12. Bd2 0-0 13. Ne5 c5 14. Bc3 Rc8 15. Rc1 Qe7 16. Bd3 Rfd8 17. Qe2 b6 18. b3 Bxd3 19. Nxd3 Ne4 20. Bb2 cxd4 21. cxd5 exd5 22. Bxd4 Bc5 23. Qg4 Nf6 24. Qh3 Rc7 25. Kh1 Rdc8 26. b4 Bxd4 27. Qxc8+ Rxc8 28. Rxc8+ Ne8 29. exd4 Qd7 30. Rb8 f6 31. Re1 Qa4 32. Rbxe8+ Kf7 33. f5 1-0

[Event "SVK-chT2C 2223"]
[Site "Slovakia"]
[Date "2022.11.26"]
[Round "5.4"]
[White "Prielozny, Eduard"]
[Black "Bucek, Eduard"]
[Result "1/2-1/2"]
[WhiteElo "1889"]
[BlackElo "1959"]
[PlyCount "111"]
[EventDate "2022.10.08"]
[EventType "team-tourn"]
[EventRounds "11"]
[EventCountry "SVK"]
[SourceTitle "EXT 2024"]
[Source "ChessBase"]
[SourceDate "2023.10.10"]
[SourceVersion "1"]
[SourceVersionDate "2023.10.10"]
[SourceQuality "1"]
[WhiteTeam "Zilina Mladost IV"]
[BlackTeam "Zilina Mladost III"]
[WhiteTeamCountry "SVK"]
[BlackTeamCountry "SVK"]

1. d4 Nf6 2. Nf3 e6 3. Bf4 d5 4. e3 c5 5. c3 Nc6 6. Nbd2 Bd6 7. Bg3 a6 8. a4 h6 9. dxc5 Bxc5 10. b4 Bd6 11. Be2 0-0 12. 0-0 Bxg3 13. hxg3 Bd7 14. b5 Ne7 15. Ne5 Qc7 16. Nxd7 Qxd7 17. Qb3 Rfc8 18. Rfc1 Nf5 19. c4 axb5 20. cxb5 b6 21. Rxc8+ Qxc8 22. a5 bxa5 23. Qa3 Qc2 24. Ra2 Qc7 25. Bd3 Nd6 26. Rc2 Qb8 27. Qb2 a4 28. Nf3 a3 29. Qb3 Nfe4 30. Nd4 Qb6 31. Bxe4 Nxe4 32. Ra2 Qa5 33. b6 Rb8 34. Qxa3 Qe1+ 35. Kh2 Rxb6 36. Nf3 Qd1 37. Rb2 Rxb2 38. Qxb2 Qf1 39. Qb8+ Kh7 40. Qf4 f5 41. g4 fxg4 42. Qxg4 Nxf2 43. Ng5+ Kg6 44. Qxe6+ Kh5 45. Nf3 Qh1+ 46. Kg3 Ne4+ 47. Kf4 Qxg2 48. Qf7+ g6 49. Ke5 Ng5 50. Nxg5 Qxg5+ 51. Kd4 Qf5 52. Qxd5 Kg5 53. e4 Qxd5+ 54. Kxd5 Kf6 55. Kd6 Kf7 56. Kd7 1/2-1/2

[Event "SVK-chT1E 2223"]
[Site "Slovakia"]
[Date "2022.11.05"]
[Round "3.7"]
[White "Prielozny, Eduard"]
[Black "Tropp, Frantisek"]
[Result "1/2-1/2"]
[WhiteElo "1918"]
[BlackElo "2087"]
[PlyCount "33"]
[EventDate "2022.10.15"]
[EventType "team-tourn"]
[EventRounds "11"]
[EventCountry "SVK"]
[SourceTitle "EXT 2024"]
[Source "ChessBase"]
[SourceDate "2023.10.10"]
[SourceVersion "1"]
[SourceVersionDate "2023.10.10"]
[SourceQuality "1"]
[WhiteTeam "Zilina Mladost II"]
[BlackTeam "Liptov Chess School II"]
[WhiteTeamCountry "SVK"]
[BlackTeamCountry "SVK"]

1. d4 Nf6 2. Nf3 e6 3. Bf4 d5 4. e3 Bd6 5. Bg3 Nbd7 6. Bd3 Qe7 7. c3 e5 8. dxe5 Nxe5 9. Nxe5 Bxe5 10. Qb3 c6 11. Nd2 Bxg3 12. hxg3 Ng4 13. Qb4 Qxb4 14. cxb4 h6 15. Nf3 0-0 16. Rc1 Bd7 17. 0-0 1/2-1/2

[Event "SVK-chT2C 2122"]
[Site "Slovakia"]
[Date "2022.05.01"]
[Round "11.8"]
[White "Trestansky, Stefan"]
[Black "Prielozny, Eduard"]
[Result "0-1"]
[WhiteElo "1562"]
[BlackElo "1886"]
[PlyCount "78"]
[EventDate "2021.10.16"]
[EventType "team-tourn"]
[EventRounds "11"]
[EventCountry "SVK"]
[SourceTitle "EXT 2023"]
[Source "ChessBase"]
[SourceDate "2022.10.05"]
[SourceVersion "1"]
[SourceVersionDate "2022.10.05"]
[SourceQuality "1"]
[WhiteTeam "Detva"]
[BlackTeam "Zilina Mladost II"]
[WhiteTeamCountry "SVK"]
[BlackTeamCountry "SVK"]

1. e4 c5 2. c4 Nc6 3. Nc3 g6 4. g3 Bg7 5. Bg2 d6 6. Nf3 Bg4 7. 0-0 Qd7 8. d3 h5 9. a3 h4 10. Qa4 Bxf3 11. Bxf3 hxg3 12. fxg3 Bd4+ 13. Kh1 Qh3 14. Bh6 Rxh6 15. Qc2 Be5 16. Qg2 Qxg3 17. Qxg3 Bxg3 18. Kg2 Be5 19. h3 Nd4 20. Nb5 Nxb5 21. cxb5 Bxb2 22. Ra2 Bd4 23. e5 Bxe5 24. Bxb7 Rb8 25. Bc6+ Kf8 26. Raf2 f5 27. a4 Nf6 28. a5 Rc8 29. Bb7 Rc7 30. a6 Nd7 31. Rh1 Nb6 32. Ra2 e6 33. Re1 Rch7 34. Re3 Kf7 35. Bc6 Bd4 36. Rf3 g5 37. Ra3 g4 38. hxg4 Rh2+ 39. Kf1 Rh1+ 0-1

[Event "SVK-chT2C 2122"]
[Site "Slovakia"]
[Date "2022.03.27"]
[Round "9.8"]
[White "Prielozny, Eduard"]
[Black "Mikulec, Martin"]
[Result "1/2-1/2"]
[WhiteElo "1894"]
[BlackElo "1871"]
[PlyCount "43"]
[EventDate "2021.10.16"]
[EventType "team-tourn"]
[EventRounds "11"]
[EventCountry "SVK"]
[SourceTitle "EXT 2023"]
[Source "ChessBase"]
[SourceDate "2022.10.05"]
[SourceVersion "1"]
[SourceVersionDate "2022.10.05"]
[SourceQuality "1"]
[WhiteTeam "Zilina Mladost II"]
[BlackTeam "Banska Bystrica Kurta"]
[WhiteTeamCountry "SVK"]
[BlackTeamCountry "SVK"]

1. d4 Nf6 2. Bf4 d5 3. e3 e6 4. Nf3 Be7 5. Bd3 0-0 6. c3 Nbd7 7. Nbd2 a6 8. 0-0 c5 9. Re1 Nh5 10. Bg3 Nxg3 11. hxg3 f5 12. c4 Nf6 13. a3 dxc4 14. Nxc4 b5 15. Nce5 c4 16. Nc6 Qc7 17. Nxe7+ Qxe7 18. Bf1 Bb7 19. Ne5 Rfd8 20. Be2 Nd7 21. Nxd7 Qxd7 22. Bf3 1/2-1/2

[Event "SVK-chT2C 2122"]
[Site "Slovakia"]
[Date "2022.03.06"]
[Round "6.7"]
[White "Prielozny, Eduard"]
[Black "Magat, Jozef"]
[Result "1-0"]
[WhiteElo "1894"]
[BlackElo "2030"]
[PlyCount "193"]
[EventDate "2021.10.16"]
[EventType "team-tourn"]
[EventRounds "11"]
[EventCountry "SVK"]
[SourceTitle "EXT 2023"]
[Source "ChessBase"]
[SourceDate "2022.10.05"]
[SourceVersion "1"]
[SourceVersionDate "2022.10.05"]
[SourceQuality "1"]
[WhiteTeam "Zilina Mladost II"]
[BlackTeam "Kysucke Nove Mesto"]
[WhiteTeamCountry "SVK"]
[BlackTeamCountry "SVK"]

1. d4 Nf6 2. Bf4 d5 3. e3 c5 4. c3 Nc6 5. Nd2 e6 6. Ngf3 Bd6 7. Bg3 0-0 8. Bd3 c4 9. Bc2 b5 10. b4 a5 11. a3 axb4 12. axb4 Rxa1 13. Qxa1 Bb7 14. 0-0 Bxg3 15. hxg3 Qd6 16. Qb2 Ra8 17. Ra1 h6 18. Bd1 Ne4 19. Rxa8+ Bxa8 20. Bc2 f5 21. Bxe4 dxe4 22. Nh2 Bb7 23. Ndf1 Ne7 24. Qa1 Qa6 25. Qxa6 Bxa6 26. Nd2 Nd5 27. Nb1 Kf7 28. Kf1 Bc8 29. Ke2 Nf6 30. Na3 Bd7 31. f3 h5 32. Kf2 g5 33. Nb1 Bc6 34. f4 Kg6 35. Na3 Nd7 36. Nf1 Nb6 37. Nd2 Na4 38. Naxc4 bxc4 39. Nxc4 Ba8 40. Ne5+ Kf6 41. c4 gxf4 42. gxf4 Nb2 43. Ke2 h4 44. b5 Nd3 45. Nd7+ Ke7 46. Nb6 Bb7 47. c5 Kd8 48. c6 Bc8 49. Na8 Nb4 50. Kd2 Nd5 51. b6 Nxb6 52. Nxb6 Ba6 53. Ke1 Kc7 54. Nd7 Kxc6 55. Ne5+ Kd5 56. Ng6 Bb5 57. Nxh4 Be8 58. Kd2 Kc4 59. g3 Bh5 60. Ng2 Bf3 61. Ne1 Bh5 62. Nc2 Be8 63. Na3+ Kb3 64. Nb1 Kc4 65. Nc3 Bc6 66. Nd1 Be8 67. Nf2 Bh5 68. Ke1 Bf3 69. Kd2 Bh5 70. Nh3 Be8 71. Ng5 Bd7 72. Nf7 Be8 73. Ne5+ Kb4 74. g4 fxg4 75. Nxg4 Kc4 76. Ne5+ Kb4 77. Ng4 Kc4 78. Nf6 Bc6 79. Nh7 Kb4 80. Ng5 Bd5 81. Kc2 Bb3+ 82. Kb2 Bd5 83. Nf7 Kc4 84. Kc2 Kb4 85. Nd6 Bc6 86. Kd2 Bd5 87. Ke2 Bc6 88. Kf2 Kc3 89. f5 exf5 90. Kg3 Kd3 91. Kf4 Bd7 92. d5 Ke2 93. Nf7 Kd2 94. Ne5 Bc8 95. d6 Ke2 96. d7 Bxd7 97. Nxd7 1-0

[Event "SVK-chT2C 1920"]
[Site "Slovakia"]
[Date "2020.03.08"]
[Round "11.7"]
[White "Mrva, Marek1111"]
[Black "Prielozny, Eduard"]
[Result "0-1"]
[WhiteElo "1860"]
[BlackElo "1854"]
[PlyCount "134"]
[EventDate "2019.10.26"]
[EventType "team-tourn"]
[EventRounds "11"]
[EventCountry "SVK"]
[SourceTitle "CBM 195 Extra"]
[Source "ChessBase"]
[SourceDate "2020.05.31"]
[SourceVersion "1"]
[SourceVersionDate "2020.05.31"]
[SourceQuality "1"]
[WhiteTeam "Ruzomberok Montana"]
[BlackTeam "Zilina Mladost II"]
[WhiteTeamCountry "SVK"]
[BlackTeamCountry "SVK"]

1. d4 g6 2. e4 Bg7 3. f4 d6 4. Nf3 Bg4 5. c3 e5 6. dxe5 Bxf3 7. Qxf3 dxe5 8. Bc4 Qh4+ 9. g3 Qe7 10. Be3 Nd7 11. Nd2 a6 12. 0-0 Ngf6 13. f5 h6 14. b4 g5 15. Nb3 0-0 16. Nc5 b5 17. Bb3 Rfd8 18. Rfd1 Qe8 19. Nb7 Rdc8 20. a4 Bf8 21. axb5 axb5 22. Qg2 Rxa1 23. Rxa1 Ra8 24. Na5 c5 25. Bd2 Qc8 26. Qe2 c4 27. Bc2 Qc7 28. Be3 Nc5 29. Bf2 Nb7 30. Bb1 Nxa5 31. Qa2 Nb3 32. Qxa8 Nxa1 33. Bc5 Nd7 34. Bxf8 Nxf8 35. Qxa1 Qd6 36. Qb2 Qd1+ 37. Kg2 Nd7 38. Qc2 Qxc2+ 39. Bxc2 Nb6 40. Kf2 Kg7 41. Bd1 Na4 42. Bxa4 bxa4 43. b5 a3 44. b6 a2 45. b7 a1Q 46. b8Q Qxc3 47. f6+ Kxf6 48. Qh8+ Ke7 49. Qxh6 Qd2+ 50. Kf1 c3 51. Qg7 Qd3+ 52. Kg1 Qe3+ 53. Kf1 Qxe4 54. Qxg5+ Ke6 55. Qg8 Qc4+ 56. Ke1 c2 57. Qe8+ Kf5 58. Qd7+ Ke4 59. Qg4+ Kd3 60. Qe2+ Kd4 61. Qg4+ Kc3 62. Qf3+ Kb2 63. Qb7+ Qb3 64. Qg2 Qe3+ 65. Kf1 Qc1+ 66. Ke2 Qd1+ 67. Ke3 Qd4+ 0-1

[Event "SVK-chT2C 1920"]
[Site "Slovakia"]
[Date "2019.10.27"]
[Round "2.7"]
[White "Szabo, Ladislav1111"]
[Black "Prielozny, Eduard"]
[Result "0-1"]
[WhiteElo "1505"]
[BlackElo "1854"]
[PlyCount "48"]
[EventDate "2019.10.26"]
[EventType "team-tourn"]
[EventRounds "11"]
[EventCountry "SVK"]
[SourceTitle "CBM 193 Extra"]
[Source "ChessBase"]
[SourceDate "2020.01.31"]
[SourceVersion "1"]
[SourceVersionDate "2020.01.31"]
[SourceQuality "1"]
[WhiteTeam "Vinica"]
[BlackTeam "Zilina Mladost II"]
[WhiteTeamCountry "SVK"]
[BlackTeamCountry "SVK"]

1. e4 c5 2. c4 Nc6 3. Nc3 d6 4. d3 g6 5. Be3 Bg7 6. Qd2 e5 7. a3 Nf6 8. Be2 Nd4 9. Bxd4 cxd4 10. Nd5 Nxd5 11. exd5 h5 12. b4 a5 13. b5 0-0 14. h3 Qe7 15. Rb1 e4 16. dxe4 Qxe4 17. Rb3 Qxg2 18. Bf3 Re8+ 19. Kd1 Qf1+ 20. Kc2 Qxc4+ 21. Kb2 d3+ 22. Rc3 a4 23. b6 Qb3+ 24. Kc1 Bxc3 0-1

[Event "SVK-chT2C 1819"]
[Site "Slovakia"]
[Date "2018.11.17"]
[Round "3.7"]
[White "Weis, Dusan1111"]
[Black "Prielozny, Eduard"]
[Result "1/2-1/2"]
[WhiteElo "1780"]
[BlackElo "1866"]
[PlyCount "55"]
[EventDate "2018.10.13"]
[EventType "team-tourn"]
[EventRounds "11"]
[EventCountry "SVK"]
[SourceTitle "CBM 187 Extra"]
[Source "ChessBase"]
[SourceDate "2018.11.04"]
[SourceVersion "1"]
[SourceVersionDate "2018.11.04"]
[SourceQuality "1"]
[WhiteTeam "Vinica"]
[BlackTeam "Zilina Mladost II"]
[WhiteTeamCountry "SVK"]
[BlackTeamCountry "SVK"]

1. e4 e6 2. d4 d5 3. exd5 exd5 4. c4 Nf6 5. Nf3 c6 6. c5 Bf5 7. Bd3 Bxd3 8. Qxd3 Be7 9. 0-0 0-0 10. Bf4 Nbd7 11. Nc3 Ne8 12. Rfe1 Bf6 13. b4 Nc7 14. a4 Ne6 15. Bd6 Be7 16. Bg3 b6 17. cxb6 Nxb6 18. Ne5 Qc8 19. a5 Nd7 20. b5 Nxe5 21. Bxe5 Qd7 22. bxc6 Qxc6 23. Rac1 Ba3 24. Rb1 Rfd8 25. Nxd5 Qxd5 26. Qxa3 Nxd4 27. Qc3 f6 28. Bxd4 1/2-1/2

[Event "SVK-chT2C 1718"]
[Site "Slovakia"]
[Date "2018.03.18"]
[Round "11.7"]
[White "Majerova, Veronika"]
[Black "Prielozny, Eduard"]
[Result "0-1"]
[WhiteElo "1539"]
[BlackElo "1849"]
[PlyCount "46"]
[EventDate "2017.10.28"]
[EventType "team-tourn"]
[EventRounds "11"]
[EventCountry "SVK"]
[SourceTitle "EXT 2020"]
[Source "ChessBase"]
[SourceDate "2019.10.17"]
[SourceVersion "1"]
[SourceVersionDate "2019.10.17"]
[SourceQuality "1"]
[WhiteTeam "Liptovska Stiavnica"]
[BlackTeam "Zilina Mladost II"]
[WhiteTeamCountry "SVK"]
[BlackTeamCountry "SVK"]

1. e4 c5 2. Nf3 Nc6 3. d4 cxd4 4. Nxd4 d6 5. Nc3 g6 6. Bc4 Bg7 7. 0-0 Bd7 8. Be3 Nf6 9. Qd2 a6 10. Rad1 0-0 11. h3 b6 12. Nxc6 Bxc6 13. a3 Qc8 14. Rfe1 Bxe4 15. Nxe4 Qxc4 16. Nxf6+ Bxf6 17. Bh6 Rfe8 18. c3 Rad8 19. Qc1 e5 20. Be3 d5 21. f3 d4 22. Bf2 d3 23. Re3 Bg5 0-1

[Event "SVK-chT2C 1617"]
[Site "Slovakia"]
[Date "2016.10.08"]
[Round "1.7"]
[White "Prielozny, Eduard"]
[Black "Kolesar, Peter"]
[Result "1/2-1/2"]
[WhiteElo "1875"]
[BlackElo "1970"]
[PlyCount "149"]
[EventDate "2016.10.08"]
[EventType "team-tourn"]
[EventRounds "11"]
[EventCountry "SVK"]
[SourceTitle "CBM 175 Extra"]
[Source "ChessBase"]
[SourceDate "2016.12.12"]
[SourceVersion "1"]
[SourceVersionDate "2016.12.12"]
[SourceQuality "1"]
[WhiteTeam "Zilina Mladost II"]
[BlackTeam "Podbrezova ZP Sport"]
[WhiteTeamCountry "SVK"]
[BlackTeamCountry "SVK"]

1. d4 Nf6 2. c4 d5 3. Nc3 Bf5 4. Qb3 b6 5. Nxd5 Nxd5 6. cxd5 Be4 7. e3 Bxd5 8. Bc4 c6 9. e4 Bxc4 10. Qxc4 e6 11. Nf3 Bd6 12. Bg5 Qc8 13. Rc1 0-0 14. 0-0 Re8 15. Rfd1 Qb7 16. Be3 h6 17. Rd2 a5 18. h3 Rc8 19. d5 exd5 20. Rxd5 Bf8 21. Rf5 b5 22. Qc2 Nd7 23. Ne5 Nxe5 24. Rxe5 Bd6 25. Rf5 Qd7 26. e5 Bxe5 27. Bc5 Bd6 28. Bxd6 Qxd6 29. Rc5 Kf8 30. Rd1 Qe6 31. Qh7 f6 32. Rdc1 Kf7 33. Qc2 Ra7 34. a4 bxa4 35. Qxa4 Rcc7 36. b3 Rab7 37. Qxa5 Qxb3 38. Rxc6 Rxc6 39. Rxc6 Qd1+ 40. Kh2 Rd7 41. Qa2+ Kg6 42. Qe6 Qd4 43. Rc4 Qd2 44. Qe8+ Kh7 45. Qe4+ Kg8 46. Qe8+ Kh7 47. Rg4 Qd6+ 48. Rg3 Re7 49. Qg6+ Kh8 50. Qf5 Qc7 51. Qd5 Re5 52. Qa8+ Kh7 53. Qa4 Rg5 54. Qe4+ f5 55. Qf3 g6 56. Kg1 Rxg3 57. fxg3 Qc5+ 58. Kh2 g5 59. Qb7+ Kg6 60. Qd7 Qe5 61. Qc6+ Qf6 62. Qe8+ Kg7 63. Qd7+ Kf8 64. Qc8+ Ke7 65. Qc5+ Kf7 66. Qd5+ Qe6 67. Qd3 h5 68. Qf3 Kg6 69. Qd3 Qe5 70. Kh1 h4 71. g4 Kf6 72. gxf5 Qxf5 73. Qd6+ Qe6 74. Qxe6+ Kxe6 75. Kh2 1/2-1/2

[Event "SVK-chT1E 1516"]
[Site "Slovakia"]
[Date "2016.01.23"]
[Round "7.8"]
[White "Prielozny, Eduard"]
[Black "Sankova, Stella"]
[Result "1/2-1/2"]
[WhiteElo "1897"]
[BlackElo "1961"]
[PlyCount "34"]
[EventDate "2015.10.24"]
[EventType "team-tourn"]
[EventRounds "11"]
[EventCountry "SVK"]
[SourceTitle "CBM 170 Extra"]
[Source "ChessBase"]
[SourceDate "2016.02.25"]
[SourceVersion "1"]
[SourceVersionDate "2016.02.25"]
[SourceQuality "1"]
[WhiteTeam "Zilina Mladost II"]
[BlackTeam "Banska Bystrica Junior"]
[WhiteTeamCountry "SVK"]
[BlackTeamCountry "SVK"]

1. d4 d5 2. c4 c6 3. Nc3 Nf6 4. Bf4 a6 5. e3 Bf5 6. Qb3 b5 7. cxd5 cxd5 8. a4 b4 9. Qxb4 Nc6 10. Qb7 Na5 11. Qc7 e6 12. Qxd8+ Kxd8 13. Nf3 Nb3 14. Ra2 Nc1 15. Ra1 Nb3 16. Ra2 Nc1 17. Ra1 Nb3 1/2-1/2

[Event "SVK-chT1E 1516"]
[Site "Slovakia"]
[Date "2015.11.14"]
[Round "3.6"]
[White "Prielozny, Eduard"]
[Black "Hros, Roman"]
[Result "0-1"]
[WhiteElo "1897"]
[BlackElo "2147"]
[PlyCount "40"]
[EventDate "2015.10.24"]
[EventType "team-tourn"]
[EventRounds "11"]
[EventCountry "SVK"]
[SourceTitle "CBM 169 Extra"]
[Source "ChessBase"]
[SourceDate "2015.12.18"]
[SourceVersion "1"]
[SourceVersionDate "2015.12.18"]
[SourceQuality "1"]
[WhiteTeam "Zilina Mladost II"]
[BlackTeam "Liptov Chess School II"]
[WhiteTeamCountry "SVK"]
[BlackTeamCountry "SVK"]

1. d4 Nf6 2. c4 e6 3. Nc3 Bb4 4. Bg5 b6 5. e3 Bb7 6. Nf3 h6 7. Bf4 Ne4 8. Qc2 f5 9. a3 Bxc3+ 10. bxc3 d6 11. h4 g6 12. Be2 Nd7 13. Nd2 e5 14. Bg3 Nxd2 15. Qxd2 Bxg2 16. Rg1 Bb7 17. h5 g5 18. f4 Qe7 19. fxe5 dxe5 20. dxe5 0-0-0 0-1

[Event "SVK-chT2C 1415"]
[Site "Slovakia"]
[Date "2014.10.12"]
[Round "2.7"]
[White "Prielozny, Eduard"]
[Black "Bohdal, Jan"]
[Result "1/2-1/2"]
[WhiteElo "1878"]
[BlackElo "1923"]
[PlyCount "33"]
[EventDate "2014.10.11"]
[EventType "team-tourn"]
[EventRounds "11"]
[EventCountry "SVK"]
[SourceTitle "EXT 2016"]
[Source "ChessBase"]
[SourceDate "2015.10.08"]
[SourceVersion "1"]
[SourceVersionDate "2015.10.08"]
[SourceQuality "1"]
[WhiteTeam "Zilina Mladost II"]
[BlackTeam "Banska Bystrica Veza"]
[WhiteTeamCountry "SVK"]
[BlackTeamCountry "SVK"]

1. d4 Nf6 2. c4 g6 3. Nc3 d5 4. cxd5 Nxd5 5. e4 Nxc3 6. bxc3 Bg7 7. Bc4 c5 8. Ne2 0-0 9. 0-0 cxd4 10. cxd4 Nc6 11. Be3 Bg4 12. f3 Bc8 13. Rb1 Na5 14. Bd3 Nc6 15. Bc4 Na5 16. Bd3 Nc6 17. Bc4 1/2-1/2

[Event "SVK-chT2C 1314"]
[Site "Slovakia"]
[Date "2014.03.15"]
[Round "10.3"]
[White "Tropp, Oliver"]
[Black "Prielozny, Eduard"]
[Result "1-0"]
[WhiteElo "2041"]
[BlackElo "1894"]
[PlyCount "51"]
[EventDate "2013.10.19"]
[EventType "team-tourn"]
[EventRounds "11"]
[EventCountry "SVK"]
[SourceTitle "EXT 2015"]
[Source "ChessBase"]
[SourceDate "2014.11.20"]
[SourceVersion "1"]
[SourceVersionDate "2014.11.20"]
[SourceQuality "1"]
[WhiteTeam "Liptov Chess School II"]
[BlackTeam "Zilina Mladost II"]
[WhiteTeamCountry "SVK"]
[BlackTeamCountry "SVK"]

1. c4 c5 2. g3 Nc6 3. Bg2 g6 4. Nc3 Bg7 5. Nf3 d6 6. 0-0 e5 7. d3 Nge7 8. a3 0-0 9. Rb1 a5 10. Bd2 Rb8 11. Ne1 Be6 12. Nc2 Qd7 13. b4 axb4 14. axb4 b6 15. b5 Nd4 16. Ne3 f5 17. Ned5 Kh8 18. Nxe7 Nxe2+ 19. Qxe2 Qxe7 20. Nd5 Qd8 21. f4 Re8 22. Bc3 Bxd5 23. Bxd5 Qc7 24. Rbe1 h6 25. Qb2 Kh7 26. Re2 1-0

[Event "SVK-chT2C 1314"]
[Site "Slovakia"]
[Date "2013.11.23"]
[Round "3.6"]
[White "Prielozny, Eduard"]
[Black "Gajdosik, Vladislav"]
[Result "1/2-1/2"]
[WhiteElo "1894"]
[BlackElo "2010"]
[PlyCount "53"]
[EventDate "2013.10.19"]
[EventType "team-tourn"]
[EventRounds "11"]
[EventCountry "SVK"]
[SourceTitle "EXT 2015"]
[Source "ChessBase"]
[SourceDate "2014.11.20"]
[SourceVersion "1"]
[SourceVersionDate "2014.11.20"]
[SourceQuality "1"]
[WhiteTeam "Zilina Mladost II"]
[BlackTeam "Banska Bystrica Veza"]
[WhiteTeamCountry "SVK"]
[BlackTeamCountry "SVK"]

1. d4 Nf6 2. c4 c6 3. Nc3 d5 4. Bf4 e6 5. e3 Bd6 6. c5 Bxf4 7. exf4 b6 8. b4 bxc5 9. bxc5 Qa5 10. Qd2 Ba6 11. Be2 Nbd7 12. Nf3 Bxe2 13. Nxe2 Qxd2+ 14. Nxd2 Rb8 15. Nb3 0-0 16. f3 Rb5 17. 0-0 Rfb8 18. Rfd1 g6 19. Rd2 Nh5 20. g4 Ng7 21. Nc3 R5b7 22. Na5 Rc7 23. Rb1 Rxb1+ 24. Nxb1 f6 25. Re2 Kf7 26. Nb3 h5 27. h3 1/2-1/2

[Event "SVK-chT2C 1213"]
[Site "Slovakia"]
[Date "2013.03.17"]
[Round "11.5"]
[White "Prielozny, Eduard"]
[Black "Kovalik, Julius"]
[Result "0-1"]
[WhiteElo "1894"]
[BlackElo "1957"]
[PlyCount "78"]
[EventDate "2012.10.13"]
[EventType "team-tourn"]
[EventRounds "11"]
[EventCountry "SVK"]
[SourceTitle "EXT 2015"]
[Source "ChessBase"]
[SourceDate "2014.11.20"]
[SourceVersion "1"]
[SourceVersionDate "2014.11.20"]
[SourceQuality "1"]
[WhiteTeam "Zilina Mladost II"]
[BlackTeam "Detva Podpolanie"]
[WhiteTeamCountry "SVK"]
[BlackTeamCountry "SVK"]

1. d4 Nf6 2. c4 c5 3. d5 b5 4. cxb5 a6 5. Nc3 d6 6. e4 g6 7. Nf3 Nbd7 8. Be2 Bg7 9. 0-0 0-0 10. Qc2 axb5 11. Nxb5 Ba6 12. Bd2 Qb6 13. a4 Rfb8 14. Bc3 Ne8 15. Bxg7 Kxg7 16. h4 h5 17. Qc3+ f6 18. Ng5 Nf8 19. Kh1 Nc7 20. Nxc7 Qxc7 21. Bxa6 Rxa6 22. f4 Rab6 23. Ra3 Qb7 24. f5 Rb3 25. Rxb3 Qxb3 26. Qxb3 Rxb3 27. Ne6+ Nxe6 28. fxe6 Rxb2 29. Ra1 Rb7 30. Kg1 f5 31. exf5 gxf5 32. Kf2 Kf6 33. Kf3 Ke5 34. Re1+ Kxd5 35. a5 c4 36. Kf4 c3 37. Kxf5 Kc4 38. Ke4 Ra7 39. Rb1 Rxa5 0-1

[Event "SVK-chT2C 10/11"]
[Site "Slovakia"]
[Date "2011.02.06"]
[Round "7.6"]
[White "Prielozny, Eduard"]
[Black "Straka, Jozef"]
[Result "1/2-1/2"]
[WhiteElo "1936"]
[BlackElo "2015"]
[PlyCount "44"]
[EventDate "2010.10.23"]
[EventType "team-tourn"]
[EventRounds "11"]
[EventCountry "SVK"]
[SourceTitle "EXT 2019"]
[Source "ChessBase"]
[SourceDate "2018.10.10"]
[SourceVersion "1"]
[SourceVersionDate "2018.10.10"]
[SourceQuality "1"]
[WhiteTeam "Zilina Mladost II"]
[BlackTeam "Cadca Caissa"]
[WhiteTeamCountry "SVK"]
[BlackTeamCountry "SVK"]

1. d4 d5 2. c4 c6 3. Nc3 Nf6 4. Bg5 e6 5. e3 Be7 6. Bd3 0-0 7. b3 Nbd7 8. Nge2 Re8 9. 0-0 Nf8 10. Qc2 Ng6 11. Rad1 Nd7 12. Bxe7 Qxe7 13. e4 dxe4 14. Bxe4 Nf6 15. Bd3 b6 16. Ne4 Nxe4 17. Bxe4 Bb7 18. Rd2 Rad8 19. Rfd1 Rc8 20. Qb1 Qg5 21. g3 f5 22. f4 Qe7 1/2-1/2

[Event "SVK-chT1E 0910"]
[Site "Slovakia"]
[Date "2010.02.13"]
[Round "8.3"]
[White "Krajnak, Jan"]
[Black "Prielozny, Eduard"]
[Result "1-0"]
[WhiteElo "2071"]
[BlackElo "1951"]
[PlyCount "81"]
[EventDate "2009.10.17"]
[EventType "team"]
[EventRounds "11"]
[EventCountry "SVK"]
[SourceTitle "EXT 2011"]
[Source "ChessBase"]
[SourceDate "2010.11.26"]
[SourceVersion "1"]
[SourceVersionDate "2010.11.26"]
[SourceQuality "1"]
[WhiteTeam "Svit"]
[BlackTeam "Zilina Mladost juniors"]
[WhiteTeamCountry "SVK"]
[BlackTeamCountry "SVK"]

1. e4 c5 2. f4 Nc6 3. Nf3 d6 4. c3 Nf6 5. d3 e5 6. Be2 Be7 7. 0-0 0-0 8. h3 Qc7 9. f5 d5 10. Nbd2 dxe4 11. dxe4 Nh5 12. Nxe5 Ng3 13. Nxc6 Qxc6 14. Re1 c4 15. Nf1 Bc5+ 16. Kh2 Nxe4 17. Bf3 Qc7+ 18. g3 Nf2 19. Bf4 Qb6 20. Qd5 Nd3 21. Re2 Nxf4 22. gxf4 Rd8 23. Qe4 Rb8 24. Nd2 Qxb2 25. Nb3 Qa3 26. Qxc4 Bd6 27. Bh5 Rf8 28. Bg4 b6 29. Rd2 Ba6 30. Qe4 Rfe8 31. Qf3 Bb7 32. Qg3 Re4 33. Rf1 Rbe8 34. f6 Re3 35. Qh4 Ba6 36. Rff2 R8e4 37. Bf5 g6 38. Bxe4 Rxe4 39. Qh6 Bf8 40. Rd8 Re1 41. Qg7# 1-0